[Event "5th EKA IIFL Investment 2019"]
[Site "Mumbai"]
[Date "2020.01.01"]
[Round "3.35"]
[White "Sundararajan, Kidambi"]
[Black "Patil, Pratik"]
[Result "1/2-1/2"]
[WhiteElo "2414"]
[BlackElo "2167"]
[Annotator "RC"]
[PlyCount "80"]
[EventDate "2019.12.30"]
[EventType "swiss"]
[EventCountry "IND"]
[SourceTitle "playchess.com"]
[Source "ChessBase"]
[SourceQuality "1"]
[TimeControl "40/5400+30:1800+30"]

1. d4 {[%emt 0:00:00]} d5 {[%emt 0:00:00]} 2. Nf3 {[%emt 0:00:03]} Nf6 {[%emt 0:02:20]} 3. Bf4 {[%emt 0:00:15]} e6 {[%emt 0:03:28]} 4. e3 {[%emt 0:00:13]} Be7 {[%emt 0:00:28]} 5. Bd3 {[%emt 0:00:53]} O-O {[%emt 0:00:25]} 6. Nbd2 {[%emt 0:00:30]} Nbd7 {[%emt 0:02:38]} 7. c3 {[%emt 0:00:44]} c5 {[%emt 0:06:52]} 8. Ne5 {[%emt 0:04:33]} Nxe5 {[%emt 0:17:14]} 9. Bxe5 {[%emt 0:01:05]} Bd7 {[%emt 0:02:02]} 10. O-O {[%emt 0:02:35]} Rc8 {[%emt 0:03:33]} 11. Qf3 {[%emt 0:05:13]} Qb6 {[%emt 0:06:25]} 12. dxc5 {[%emt 0:09:07]} Qxc5 {[%emt 0:02:04]} 13. Qh3 {[%emt 0:06:13]} h6 {[%emt 0:06:20]} 14. Rfd1 {[%emt 0:15:27]} Bb5 {[%emt 0:02:42]} 15. Bd4 {[%emt 0:02:58]} Qc6 {[%emt 0:00:29]} 16. Bc2 {[%emt 0:01:18]} Nd7 {[%emt 0:11:03]} 17. e4 {[%emt 0:03:43]} dxe4 {[%emt 0:08:23]} 18. Nxe4 {[%emt 0:03:40]} f5 {[%emt 0:03:45]} 19. Ng3 {[%emt 0:02:53]} Bc5 {[%emt 0:04:42]} 20. Bb3 {[%emt 0:08:00]} Bxd4 {[%emt 0:05:20]} 21. Rxd4 {[%emt 0:00:31]} Nc5 {[%emt 0:00:34]} 22. Rad1 {[%emt 0:03:23]} Nxb3 {[%emt 0:01:26]} 23. axb3 {[%emt 0:00:06]} Qc7 {[%emt 0:02:13]} 24. Qh4 {[%emt 0:05:16]} Rce8 {[%emt 0:00:29]} 25. c4 {[%emt 0:01:48]} Bc6 {[%emt 0:00:10]} 26. b4 {[%emt 0:04:19]} e5 {[%emt 0:02:19]} 27. R4d2 {[%emt 0:04:15]} a6 {[%emt 0:01:12]} 28. Ne2 {[%emt 0:02:36]} f4 {[%emt 0:01:29]} 29. Nc3 {[%emt 0:00:38]} e4 {[%emt 0:00:19]} 30. Qg4 {[%emt 0:03:42]} e3 {[%emt 0:01:09]} 31. fxe3 {[%emt 0:00:37]} fxe3 {[%emt 0:02:43]} 32. Re2 {[%emt 0:00:34]} Rf4 {[%emt 0:00:37]} 33. Qg3 {[%emt 0:00:24]} Qf7 {[%emt 0:00:39]} 34. b5 {[%emt 0:01:14]} axb5 {[%emt 0:00:49]} 35. cxb5 {[%emt 0:00:06]} Rf8 {[%emt 0:00:19]} 36. h3 {[%emt 0:02:48]} Bxb5 {[%emt 0:00:28]} 37. Rxe3 {[%emt 0:00:48]} Bc6 {[%emt 0:00:04]} 38. Re2 {[%emt 0:00:53]} Rf1+ {[%emt 0:01:00]} 39. Rxf1 {[%emt 0:00:04]} Qxf1+ {[%emt 0:00:02]} 40. Kh2 {[%emt 0:00:00]} Qf4 {[%emt 0:00:00]} 1/2-1/2

[Event "5th EKA IIFL Investment 2019"]
[Site "Mumbai"]
[Date "2020.01.01"]
[Round "3.36"]
[White "Moksh Amit Doshi"]
[Black "Thanki, Hemal Karsanji"]
[Result "1-0"]
[WhiteElo "2399"]
[BlackElo "2164"]
[Annotator "TA"]
[PlyCount "81"]
[EventDate "2019.12.30"]
[EventType "swiss"]
[EventCountry "IND"]
[SourceTitle "playchess.com"]
[Source "ChessBase"]
[SourceQuality "1"]

{[%evp 19,81,56,62,79,68,69,66,12,14,22,16,14,20,18,17,0,0,0,33,0,27,29,33,6,130,116,113,130,126,64,62,64,143,120,113,58,81,44,67,35,112,64,155,153,433,424,468,464,456,411,507,445,858,850,12840,12841,12841,12841,12842,12842,12843,12843,12843,12844]} 1. d4 Nf6 2. c4 c5 3. d5 g6 4. Nc3 Bg7 5. e4 d6 6. h3 O-O 7. Nf3 e6 8. Bd3 Na6 9. O-O Nc7 10. Re1 Re8 11. Bg5 {E90: King's Indian: Classical: Early deviations and 6 h3} h6 12. Bf4 exd5 $146 ({Predecessor:} 12... e5 13. Be3 Nh7 14. Nh2 f5 15. exf5 gxf5 16. Qh5 Qf6 17. f3 Bd7 18. Rf1 Rf8 {1-0 (40) Babula,V (2530)-Barbero,G (2500) Lazne Bohdanec 1995}) 13. exd5 ({Better is} 13. cxd5 $14 b5 14. Bxd6 {[%mdl 64] Decoy} Qxd6 15. e5 {[%mdl 64] Double Attack}) 13... Rxe1+ $11 14. Qxe1 b5 $1 15. Qd2 bxc4 16. Bxc4 Qf8 17. a4 Bf5 18. Nb5 Nfe8 19. Ra3 {[%cal Ba1a3,Ba3e3,Be3e4][%mdl 32]} Be4 20. Re3 $36 {[%mdl 2048] White has the initiative.} f5 21. Nc3 Rb8 (21... Bxf3 $11 22. Rxf3 Rb8) 22. Nxe4 $16 fxe4 23. Rxe4 Rxb2 {[#]} 24. Qc1 (24. Qd3 $1 $16) 24... Rb4 $14 25. Bd3 Nxd5 (25... Rxe4 $14 26. Bxe4 g5) 26. Rxb4 cxb4 27. Bc4 (27. Bd2 $16) 27... Nec7 28. Qd2 Kh7 $1 29. Bg3 Nc3 (29... Bc3 $14 30. Qd3 Qf5) 30. Qxd6 Ne8 (30... Qxd6 $14 31. Bxd6 N3d5) 31. Qd7 b3 $2 {[#]} (31... Ne4 $16) 32. Bxb3 $18 Ne2+ 33. Kh2 Nxg3 34. fxg3 a5 35. Bc2 {White is clearly winning.} Nd6 (35... Qc5 $142 36. Bxg6+ Kxg6 37. Nh4+ Kh7 38. Qxe8 Qd4) 36. Nh4 Nf5 37. Bxf5 gxf5 38. Nxf5 Kh8 39. Qxg7+ Qxg7 40. Nxg7 Kxg7 41. g4 {Accuracy: White = 52%, Black = 25%.} 1-0

[Event "5th EKA IIFL Investment 2019"]
[Site "Mumbai"]
[Date "2020.01.01"]
[Round "3.37"]
[White "Abdisalimov, Abdimalik"]
[Black "Chitlange Sakshi"]
[Result "1-0"]
[WhiteElo "2394"]
[BlackElo "2163"]
[Annotator "TA"]
[PlyCount "133"]
[EventDate "2019.12.30"]
[EventType "swiss"]
[EventCountry "IND"]
[SourceTitle "playchess.com"]
[Source "ChessBase"]
[SourceQuality "1"]

{[%evp 17,133,8,20,8,11,0,7,11,12,0,0,0,0,0,0,0,0,0,0,0,0,0,3,0,0,0,6,1,1,6,8,1,1,0,0,0,30,25,25,25,29,7,0,0,8,8,8,4,62,67,50,63,66,66,82,69,75,68,108,108,129,97,111,87,287,104,98,90,91,85,87,72,420,420,420,199,1116,564,5263,5081,29964,29966,29966,29968,29969,29970,29971,29971,29972,29973,29973,29972,29972,29973,29973,29974,29974,29975,29975,29976,29976,29977,29977,29978,29978,29979,29979,29980,29980,29981,29981,29982,29981,29981,29978,29979,29988,29989]} 1. c4 e6 2. Nc3 d5 3. d4 Nf6 4. Nf3 Be7 5. Bf4 O-O 6. e3 b6 7. cxd5 Nxd5 8. Nxd5 exd5 9. Bd3 c5 10. Ne5 {D37: Queen's Gambit Declined: 5 Bf4} (10. b3 Nc6 11. O-O Be6 12. Rc1 a5 13. h3 g6 14. Bb5 Qc8 15. dxc5 bxc5 16. Nd4 Nxd4 17. exd4 Qb7 {1-0 (55) Ding,L (2805)-Carlsen,M (2882) Saint Louis 2019}) 10... Bb7 11. Qb1 $146 (11. Qf3 {is more complex.} Nc6 12. O-O Nxe5 13. Bxe5 f6 14. Bg3) ({Predecessor:} 11. O-O Nd7 12. dxc5 bxc5 13. Qa4 Nxe5 14. Bxe5 Bf6 15. Bxf6 Qxf6 16. Qc2 d4 17. exd4 cxd4 18. Bxh7+ {1-0 (41) Ibragimov,I (2550)-Radulov,I (2400) Heraklio 1993}) 11... h6 $1 12. Qd1 {next Bxh6! is good for White.The position is equal.} Nd7 13. Bxh6 {Strongly threatening Qg4!} Nxe5 14. dxe5 Bg5 (14... gxh6 $6 15. Qg4+ Bg5 16. h4 $16) 15. Bxg7 Kxg7 16. f4 $1 Bh4+ 17. g3 Rh8 18. Qg4+ (18. gxh4 Qxh4+ 19. Kd2 d4 $17) 18... Kf8 19. gxh4 d4 $132 {[%mdl 2048] Black is not keeping still} 20. Rg1 {Threatening mate with Qg7+.} Qxh4+ 21. Qg3 dxe3 22. O-O-O Qxg3 23. hxg3 Rh2 {With the idea ...Rd8.} 24. Rde1 {[#]} c4 $1 {[%mdl 512]} 25. Bb1 (25. Bxc4 Rc8) 25... e2 {Hoping for ...Rd8.} 26. Kd2 Bf3 27. Bf5 f6 $1 28. Ke3 (28. exf6 Kf7 $15) 28... Bd5 29. Bg4 fxe5 30. fxe5 Re8 31. Kd4 Rd8 32. Kc3 {[#]} (32. Bxe2 $2 Bf3+ 33. Kxc4 (33. Ke3 $2 Bxe2 34. b3 Ke7 $19) 33... Bxe2+ 34. Kb4 Rd2 $19) 32... Re8 (32... Bf3 $1 $11 {[%mdl 512]} 33. Bxf3 Rd3+ {[%mdl 64] Double Attack} 34. Kxc4 Rxf3) 33. Rxe2 $14 Rxe2 34. Bxe2 Rxe5 35. Bxc4 {And now Kd4 would win.} Bxc4 36. Kxc4 {[%mdl 4096] Endgame KR-KR} Re2 37. Kc3 Kg7 38. Rd1 Re7 39. a4 Kg6 40. Kc4 Kg5 $2 (40... Rc7+ $16 41. Kb4 Kf6) 41. Rd8 $2 (41. b4 $18 {is more deadly.}) 41... Rc7+ $16 42. Kb4 Rc2 43. b3 {aiming for Rd7.} Rc5 44. Ka3 a5 $2 {[%mdl 8192]} (44... Kf5 $16) 45. Rd6 $1 $18 b5 {[#]} 46. Rb6 (46. b4 $142 $1 Rc4 47. Rd5+ (47. axb5 Rxb4 48. Rb6 Kf5 $11) (47. bxa5 Rxa4+ {[%mdl 64] Double Attack} 48. Kb3 Rxa5 $11) 47... Kf6 48. Rxb5 (48. axb5 Rxb4 49. Rh5 Ke6 $11) 48... Rc3+ 49. Kb2 $1 {[%mdl 512]} axb4 50. g4 (50. Rxb4 Rxg3 51. Re4 Rg7 $16)) 46... bxa4 $2 (46... b4+ 47. Kb2 Rc3 48. Rb5+ Kf6) 47. Kxa4 Rc3 48. Kxa5 Rxg3 49. Rb8 {White mates.} Kf5 50. b4 {[%cal Bb3b4,Bb4b5,Bb5b6][%mdl 32]} Ke5 51. Rd8 Ke6 52. b5 Ke7 53. Rd1 Ra3+ 54. Kb4 Ra2 55. b6 Rb2+ {[#]} 56. Ka5 $1 {[%cal Ra5a6]} Ra2+ 57. Kb5 Rb2+ 58. Ka6 Ra2+ {[#]} 59. Kb7 $1 Rb2 60. Ka7 Ra2+ 61. Kb8 Rb2 62. b7 Ra2 63. Rd4 Ke6 64. Kc7 Rc2+ 65. Kb6 Rb2+ 66. Kc6 Rc2+ 67. Kb5 {Accuracy: White = 62%, Black = 46%.} 1-0

[Event "5th EKA IIFL Investment 2019"]
[Site "Mumbai"]
[Date "2020.01.01"]
[Round "3.38"]
[White "Eraschenkov, Denis"]
[Black "Pandey Srishti"]
[Result "1-0"]
[WhiteElo "2386"]
[BlackElo "2162"]
[Annotator "TA"]
[PlyCount "41"]
[EventDate "2019.12.30"]
[EventType "swiss"]
[EventCountry "IND"]
[SourceTitle "playchess.com"]
[Source "ChessBase"]
[SourceQuality "1"]

{[%evp 13,47,0,0,-19,64,41,130,134,142,155,163,164,249,258,347,314,382,410,418,432,411,431,411,362,364,358,423,414,435,445,924,895,1366,1284,29991,29992]} 1. e4 e6 2. d4 d5 3. Nc3 Nf6 4. Bg5 Bb4 5. exd5 Qxd5 6. Bxf6 Bxc3+ 7. bxc3 gxf6 8. Qf3 {C12: French: Classical System: McCutcheon Variation} Qa5 ({Black should try} 8... Qxf3 $11 9. Nxf3 Nc6) 9. Bc4 $14 Ke7 (9... Bd7 $14) 10. Ne2 $16 {White is better.} Nd7 11. O-O Nb6 $146 ({Predecessor:} 11... Rg8 12. Rfe1 Nb6 13. Bd3 Bd7 14. c4 Qg5 15. Ng3 Rad8 16. Qxb7 {0-1 (70) Savchenko,B (2484)-Volkov,S (2612) ICC INT 2005}) 12. Bd3 Na4 (12... Qd5 $142) 13. c4 $18 Rb8 14. Rae1 h5 15. Nf4 {[#] Nd5+ is the strong threat.} Qg5 16. Nd5+ Kd8 17. Nxf6 Rh6 18. Ne4 Qg7 19. h4 f6 20. Ng3 Bd7 21. Nxh5 {Played: d4-d5} 1-0

[Event "5th EKA IIFL Investment 2019"]
[Site "Mumbai"]
[Date "2020.01.01"]
[Round "3.39"]
[White "Manik, Mikulas"]
[Black "Priyanka, Kumari"]
[Result "1/2-1/2"]
[WhiteElo "2379"]
[BlackElo "1874"]
[Annotator "TA"]
[PlyCount "139"]
[EventDate "2019.12.30"]
[EventType "swiss"]
[EventCountry "IND"]
[SourceTitle "playchess.com"]
[Source "ChessBase"]
[SourceQuality "1"]

{[%evp 19,139,29,41,34,34,34,50,34,38,38,37,36,47,62,73,54,89,33,106,71,100,72,84,38,39,0,0,-41,62,62,60,59,84,83,76,83,71,0,425,400,383,375,164,64,61,33,71,79,237,243,216,204,277,255,332,341,326,308,279,254,250,250,253,243,238,242,182,0,0,0,0,0,0,0,0,0,0,0,0,0,0,0,0,0,0,0,16,16,30,0,0,0,0,0,0,0,0,0,0,0,0,0,0,0,0,0,0,0,0,0,0,0,0,0,0,0,0,0,0,0,0,0]} 1. e4 c5 2. Nf3 d6 3. d4 cxd4 4. Nxd4 Nf6 5. Nc3 a6 6. Bg5 e6 7. f4 Qc7 8. Bxf6 gxf6 9. Qd2 Nc6 10. O-O-O Bd7 11. Nxc6 {B67: Sicilian: Richter-Rauzer: 7...a6 8 0-0-0 Bd7, lines without 9 f4 Be7} (11. Kb1 O-O-O 12. Bc4 Rg8 13. Nxc6 Qxc6 14. Bb3 f5 15. exf5 Rxg2 16. Qd3 Rf2 17. fxe6 fxe6 18. Ne4 Rxf4 19. Nxd6+ Bxd6 20. Qxd6 Qxd6 21. Rxd6 Kc7 {½-½ (21) Andriasian,Z (2613)-Vachier Lagrave,M (2730) Moscow 2010}) 11... Bxc6 12. Be2 h5 13. Kb1 {White is slightly better.} O-O-O 14. Bf3 $146 ({Predecessor:} 14. f5 Kb8 15. Qe3 Qa5 16. Rhf1 Be7 17. Bc4 Bd7 18. Ne2 Rc8 19. Bb3 Rc5 {1-0 (80) Fong,Y (1997)-Lim,Z (2120) Kuala Lumpur 2012}) 14... Kb8 15. Qf2 Be7 16. h4 b5 17. Ne2 Qb7 18. Ng3 (18. f5 $16) 18... Rdg8 ({Black should try} 18... d5 $14) 19. Rh3 Qa7 20. Qe2 Qc5 21. Nxh5 f5 $1 {[%cal Rf5e4]} 22. e5 Bxf3 23. Qxf3 d5 (23... dxe5 $15 24. fxe5 Rc8) 24. Nf6 $14 Bxf6 25. exf6 Rg6 26. h5 Rxf6 27. a4 bxa4 28. Qe2 (28. Qd3 $16 Ka7 29. Qd4 Qxd4 30. Rxd4) 28... Ka7 $2 {[%mdl 8192]} (28... Kb7 $1 $11 {and Black is okay.}) 29. Qe5 $18 Rfh6 30. Rc3 Qb6 31. Rc7+ Ka8 32. Rxf7 Rb8 33. Rd7 $36 {[%mdl 2048] White is in control.} Rxh5 $2 (33... a3 $16) 34. Rd6 {[%mdl 64] Double Attack} Qb5 35. Rxe6 Rh7 36. Qxd5+ Ka7 {[%csl Gb8][%cal Rb5b2]} 37. Qd4+ Ka8 38. c4 $1 {[%cal Rc4b5]} Qb7 39. Qd5 {[%cal Re6a6]} Ka7 {[%csl Gb8][%cal Rb7b2] [#]} 40. Qc5+ $1 Ka8 {[%csl Gb8][%cal Rb7b2] [#]} 41. Qa3 $1 Rh2 42. Rg1 Rh4 43. Re7 $2 ({White should play} 43. Qc3 $18) 43... Qb3 $11 44. Qxb3 Rxb3 {[%mdl 4096] Endgame KRR-KRR} 45. Rd1 {aiming for Rd8+.} Rxf4 46. Rd8+ Rb8 47. Rd6 {[%cal Rd6a6]} Rb4 48. Rxa6+ Kb8 49. Rf6 {[%cal Rf6f8]} Rbxc4 50. Rf8+ Rc8 51. Rff7 Rg8 52. Ka2 Rd8 53. Rb7+ Ka8 54. Rb5 Rg8 {The position is equal.} 55. Re5 Rb4 56. Re2 Rb5 57. Ka3 Rgb8 58. Rf2 Rb3+ 59. Ka2 R8b5 60. R7xf5 Rxb2+ 61. Rxb2 Rxf5 {KR-KR} 62. Ka3 Rf4 63. Rb4 Rxb4 64. Kxb4 {White threatens g4 and mate.} Kb7 65. Kxa4 {Intending Kb5 and mate. KP-K} Kc6 66. Kb4 Kd5 67. Kc3 {Kd3 would kill now.} Ke4 68. Kd2 Kf4 69. Ke2 Kg3 70. Kf1 {Accuracy: White = 73%, Black = 56%.} 1/2-1/2

[Event "5th EKA IIFL Investment 2019"]
[Site "Mumbai"]
[Date "2020.01.01"]
[Round "3.40"]
[White "Audi Ameya"]
[Black "Madjidov, Jasur"]
[Result "1/2-1/2"]
[WhiteElo "2360"]
[BlackElo "2136"]
[Annotator "TA"]
[PlyCount "87"]
[EventDate "2019.12.30"]
[EventType "swiss"]
[EventCountry "IND"]
[SourceTitle "playchess.com"]
[Source "ChessBase"]
[SourceQuality "1"]

{[%evp 9,87,11,24,22,36,15,15,18,20,15,15,25,28,15,20,19,40,32,27,27,24,-8,0,-1,4,-65,-36,-213,-216,-234,12,2,10,12,12,8,10,-49,-39,-47,-39,-43,-25,-32,-37,-30,0,-43,-27,-41,-35,-51,-35,-35,0,-17,-20,-29,-5,-12,0,0,23,0,0,-8,-4,-33,-40,-35,-4,-3,-4,-4,-5,-5,-8,-26,-33,-62]} 1. e4 c5 2. Nf3 Nc6 3. Nc3 g6 4. Bb5 Bg7 5. O-O e5 6. d3 {B31: Sicilian: 2...Nc6 3 Bb5 g6} h6 (6... Nge7 7. Bc4 O-O 8. a3 d6 9. h3 h6 10. b4 Kh7 11. bxc5 dxc5 12. Rb1 b6 13. Nd5 Be6 14. Nxe7 Qxe7 {1-0 (55) Le,Q (2737)-Dubov,D (2694) Caleta 2018}) 7. a3 Nge7 8. b4 $146 {The position is equal.} ({Predecessor:} 8. Be3 Nd4 9. Bc4 O-O 10. Nd5 d6 11. c3 Nxf3+ 12. Qxf3 Nxd5 13. Bxd5 Kh7 {1-0 (38) Barbero Sendic,A (2353)-Colon Garcia,E (2303) Barcelona 2016}) 8... d6 9. Be3 b6 10. Nd5 O-O 11. Bc4 Be6 12. c3 Kh7 13. Rc1 Bxd5 14. exd5 Nb8 15. Nd2 Nd7 16. Ne4 Qc7 {Strongly threatening ...f5.} 17. bxc5 (17. Qg4 $1 $11) 17... bxc5 $15 {And now ...f5 would win.} 18. d4 $2 (18. f4 $1 $15) 18... f5 $19 19. Nxc5 {[#]} f4 $2 ({Not} 19... dxc5 20. dxc5 Qa5 21. d6 $15) ({Black should play} 19... Rfd8 $1 $19 20. Be2 (20. f4 $2 exf4 21. Bxf4 Nxc5 $19) 20... dxc5 21. dxe5 Nxe5) 20. Nxd7 $11 Qxd7 21. Bd2 f3 22. gxf3 Nf5 23. dxe5 (23. Be2 $11) 23... Bxe5 $15 {White must now prevent ...Nh4.} 24. f4 $1 {[%cal Rf4e5]} Nh4 $1 25. f3 (25. fxe5 $2 {gets mated.} Qh3 26. Qg4 Qxg4+ 27. Kh1 Qg2#) 25... Bxf4 {aiming for ...Qh3.} 26. Be2 Qe7 {( -> ...Qg5+)} 27. Kh1 Qe5 28. Rf2 Be3 29. Bxe3 Qxe3 30. Qg1 Rac8 31. c4 Qxa3 32. Ra1 Qe3 33. Ra2 Rc7 ({Avoid the trap} 33... Nxf3 $2 34. Rxf3 Rxf3 35. Rxa7+ Kh8 36. Qa1+ Qc3 37. Bxf3 $18) 34. Rf1 Qe7 35. Bd3 Rf6 36. Re2 Qf7 37. Qg3 Rxf3 38. Ref2 Rxf2 39. Rxf2 Qe7 40. Rf4 $132 {[%mdl 2048] [#] White has counterplay} Nf5 $1 {[%cal Rf5g3][%mdl 512]} 41. Bxf5 gxf5 42. Qd3 Qg5 43. Rxf5 {Threatening mate with Rf7+!} Qg6 44. Qe4 {Accuracy: White = 47%, Black = 62%.} 1/2-1/2

[Event "5th EKA IIFL Investment 2019"]
[Site "Mumbai"]
[Date "2020.01.01"]
[Round "3.41"]
[White "Nitin, S.."]
[Black "Tiwari, Arjun"]
[Result "1-0"]
[WhiteElo "2329"]
[BlackElo "2101"]
[Annotator "TA"]
[PlyCount "69"]
[EventDate "2019.12.30"]
[EventType "swiss"]
[EventCountry "IND"]
[SourceTitle "playchess.com"]
[Source "ChessBase"]
[SourceQuality "1"]

{[%evp 16,69,0,0,14,22,22,0,0,-3,11,4,112,110,101,120,112,120,122,115,130,132,216,49,84,-516,-492,-585,-522,-580,-521,-562,205,111,177,48,108,120,191,191,177,187,275,276,256,272,272,272,275,260,262,260,260,266,402,370]} 1. e4 e5 2. Nc3 Nf6 3. g3 d5 4. exd5 Nxd5 5. Bg2 Nxc3 6. bxc3 Nc6 7. Nf3 Be7 8. d3 O-O 9. O-O Bg4 {C47: Scotch Four Knights and Four Knights with 4 g3} 10. h3 (10. Rb1 Rb8 11. h3 Bh5 12. Re1 f6 13. Qe2 Re8 14. Qe4 Bf7 15. c4 Nb4 16. c3 Nxd3 17. Rd1 Nxf2 18. Rxd8 Nxe4 19. Rxe8+ Bxe8 {0-1 (53) Fier,A (2580)-Malakhov,V (2694) Dubai 2014}) 10... Bh5 11. Qe1 f6 {The position is equal.} 12. Nh4 $146 ({Predecessor:} 12. Rb1 Rb8 13. Bb2 Qd7 14. Kh2 Rfe8 15. Nd2 Bf7 16. c4 Bb4 17. Rd1 {0-1 (33) Tuncer,U (2240)-Ciolac,G (2375) Schwaebisch Gmuend 1998}) 12... Qd7 13. Qe4 f5 {[#]} (13... Rfb8 $11) 14. Nxf5 $1 $16 {[%mdl 576] Remove Defender, Decoy} Qxf5 15. Qxf5 Rxf5 16. g4 {[%mdl 64] Double Attack} Rf6 17. gxh5 Bc5 18. Rb1 Raf8 (18... Bb6 $16 19. Be4 Raf8) 19. Rb3 $2 (19. Rxb7 $18 Bb6 20. Bd5+ Kh8 21. Ba3) 19... b6 {[%cal Rc5f2]} 20. Rxb6 $2 {[%mdl 8192]} (20. Ba3 $16 {keeps the pressure on.}) 20... Bxb6 21. Bg5 Rf5 22. Be3 Na5 23. Bxb6 Nb7 $4 {[%mdl 8192]} (23... axb6 $19 24. h6 gxh6 25. Bd5+ Kh8) 24. Bxa7 ({Stronger than} 24. Bxc7 Rc8 $11) ({White must play} 24. Bd5+ $1 $18 Kh8 25. Bxa7 (25. Bxc7 Rc8 $11)) 24... Nd6 (24... e4 $16) 25. Bc5 (25. Bd5+ $1 $18 Kh8 26. a4) 25... Rb8 ({Black should try} 25... e4 $14 26. Bb4 exd3 27. cxd3 c5) 26. Bd5+ Kh8 {[#]} (26... Kf8 $16 {was necessary.}) 27. Bxd6 $1 $18 cxd6 {[%mdl 4096] Endgame [#] KRR-KRB} 28. a4 $1 {[%cal Ba2a4,Ba4a5][%mdl 32]} Rxh5 (28... Rg5+ {was called for.} 29. Kh2 Rf5) 29. a5 {a6 is the strong threat.} e4 ({Don't go for} 29... Rb5 $2 30. Ra1 $18) 30. dxe4 Re5 31. a6 Re7 32. Bb7 Rexb7 33. axb7 Rxb7 34. Rd1 Rb6 {[#]} (34... Kg8 $142 35. Rxd6 Ra7) 35. e5 $1 {Accuracy: White = 41%, Black = 30%.} 1-0

[Event "5th EKA IIFL Investment 2019"]
[Site "Mumbai"]
[Date "2020.01.01"]
[Round "3.42"]
[White "Kulkarni, Vikramaditya"]
[Black "Jay Kundaliya"]
[Result "1-0"]
[WhiteElo "2328"]
[BlackElo "2088"]
[Annotator "TA"]
[PlyCount "67"]
[EventDate "2019.12.30"]
[EventType "swiss"]
[EventCountry "IND"]
[SourceTitle "playchess.com"]
[Source "ChessBase"]
[SourceQuality "1"]

{[%evp 17,67,-20,0,-22,7,-47,4,0,0,0,0,-8,0,0,42,41,100,91,101,104,102,102,99,100,97,96,86,83,121,104,750,752,727,718,858,863,918,900,996,994,968,888,1042,1037,976,943,4866,4862,1869,1516,29996,29953]} 1. c4 e5 2. Nc3 Nc6 3. e3 Nf6 4. d3 d5 5. cxd5 Nxd5 6. Nf3 Be6 7. Be2 Be7 8. O-O O-O 9. Bd2 f5 10. Re1 {A28: English Opening: Four Knights Variation} (10. Nxd5 Qxd5 11. Bc3 Rad8 12. Qc2 Kh8 13. a3 Bf6 14. b4 a6 15. Rac1 Qb3 16. Qxb3 Bxb3 17. e4 g6 18. Rfe1 Rfe8 19. Nd2 Ba4 20. g3 Kg8 21. exf5 gxf5 {½-½ (41) Morozevich,A (2750)-Gelfand,B (2758) Moscow 2009}) 10... Bf6 11. Bf1 (11. Nxd5 $11 Qxd5 12. e4) 11... e4 (11... Nb6 $15) 12. dxe4 {The position is equal.} Nxc3 13. bxc3 {[%cal Bb2c3,Bc3c4][%mdl 32]} fxe4 14. Nd4 $1 {[%cal Rd4e6]} Bd5 15. c4 Nxd4 (15... Be5 {seems wilder.} 16. cxd5 Bxh2+ 17. Kxh2 Qh4+ 18. Kg1 Qxf2+ 19. Kh1 Qh4+) 16. cxd5 Bh4 ({Better is} 16... Nf5 $14) 17. exd4 $16 {[%mdl 64] [#] Discovered Attack} Bxf2+ 18. Kh1 $146 Bxe1 19. Qxe1 Qxd5 20. Be3 c6 21. Qb4 $36 {[%mdl 2048] Bc4 is the strong threat. White is in control.} b5 22. Be2 Kh8 23. Qa5 Rf3 $2 {[%mdl 8192]} (23... Rf6 $16) 24. gxf3 $18 exf3 25. Bf1 Re8 26. Bf2 Re2 27. Re1 h6 28. Rxe2 {[%mdl 64] [#] Overworked Piece} fxe2+ 29. Bg2 Qf5 30. Qd8+ Kh7 31. Qh4 Qb1+ 32. Be1 {Intending Be4+ and mate.} Kg8 33. Be4 Qd1 34. Kg2 {Accuracy: White = 74%, Black = 18%.} 1-0

[Event "5th EKA IIFL Investment 2019"]
[Site "Mumbai"]
[Date "2020.01.01"]
[Round "3.43"]
[White "Srijit, Paul"]
[Black "Kumar, Gaurav"]
[Result "1-0"]
[WhiteElo "2318"]
[BlackElo "2075"]
[Annotator "TA"]
[PlyCount "93"]
[EventDate "2019.12.30"]
[EventType "swiss"]
[EventCountry "IND"]
[SourceTitle "playchess.com"]
[Source "ChessBase"]
[SourceQuality "1"]

{[%evp 16,93,23,12,8,0,0,0,-9,-21,0,-23,0,-8,0,0,0,0,7,26,359,370,516,493,514,497,618,611,552,540,779,337,336,335,325,325,340,334,346,337,379,389,413,411,386,354,475,289,411,400,422,381,479,471,545,550,554,533,554,544,587,578,577,551,534,501,697,688,804,804,804,573,566,566,566,566,566,566,566,558]} 1. e4 e5 2. Nf3 Nc6 3. Bc4 Nf6 4. d3 Be7 5. O-O O-O 6. Bb3 d6 7. c3 Na5 8. Bc2 c5 9. a3 Nc6 {C55: Two Knights: 4 d3, 4 d4 exd4 5 e5 and Max Lange Attack} 10. b4 a6 11. Re1 d5 {The position is equal.} 12. exd5 Nxd5 13. Bb2 {[#]} Nf4 $146 ({Predecessor:} 13... Bg4 14. Nbd2 cxb4 15. axb4 Nf4 16. Re3 Bd6 17. Qf1 {½-½ (26) Zhang,Z (2596)-Bruzon Batista,L (2637) Mallorca 2004}) 14. bxc5 Bxc5 {And now ...Qb6 would win.} 15. d4 exd4 16. cxd4 Ba7 17. Qd2 $36 {[%mdl 2048] White is more active.} Qf6 $2 {[%mdl 8192]} (17... Qb6 $11) 18. d5 $18 {[%mdl 64] Discovered Attack} Qxb2 {[#]} 19. Bxh7+ $1 {[%mdl 576] Discovered Attack} Kxh7 20. Qxb2 Nd3 21. Qc2 {[%mdl 64] Double Attack} Bf5 22. dxc6 Bg6 23. Rd1 (23. cxb7 $142 Rab8 24. Re7) 23... Nxf2 24. Qxf2 ({Not} 24. Ng5+ Kh6 $16) 24... Bxf2+ 25. Kxf2 bxc6 26. Nbd2 Rab8 27. Rac1 Rb2 28. Rxc6 Rd8 29. Rxa6 Bh5 {Now ...Bxf3 and Black clings on.} 30. Ke3 f5 31. Ra5 f4+ (31... Bxf3 $142 32. gxf3 g6) 32. Ke2 Kh6 33. h3 Re8+ 34. Kf1 {White is clearly winning.} Rd8 {If only Black now had time for ...Bxf3....} 35. Re1 Rdxd2 36. Nxd2 Rxd2 {[%mdl 4096] Endgame KRR-KRB} 37. Re4 Rd1+ {[#]} 38. Kf2 $1 Rd2+ 39. Kg1 Rd1+ 40. Kh2 f3 {With the idea ...f2.} 41. Rh4 f2 42. Rhxh5+ Kg6 43. Rag5+ Kf6 44. Rf5+ {[%mdl 64] Double Attack} Kg6 45. Rhg5+ Kh6 46. Rxg7 Kxg7 47. Rxf2 {Accuracy: White = 74%, Black = 36%.} 1-0